| 000 | 00774cab a22001815a 4500 | ||
|---|---|---|---|
| 001 | L154963 | ||
| 008 | 120213e20120203xxk 000 0 eng d | ||
| 035 | _a(Sirsi) u154963 | ||
| 041 | 0 | _aeng | |
| 245 | 0 | 0 | _aConsolidation key as market contracts |
| 260 | _c2012 | ||
| 490 | 0 |
_aProperty Week _v78(05) 3 February 2012, 38-39(2) |
|
| 520 | _aPresents the PropertyData investment league tables for 2011. Jones Lang LaSalle is 2011's big winner after its takeover of King Sturge . Provides top 20 league tables for 2011 and 2010, covering all property, offices, retail, and industrial. All property deals down 13.5% on 2010, office 13%, retail 10%, and industrial 3.3%. | ||
| 590 | _aKA | ||
| 651 | 4 |
_aUnited Kingdom _y |
|
| 690 |
_aCommercial property _96227 |
||
| 942 | _n0 | ||
| 999 |
_c83760 _d83760 |
||